| 000 | 00764nam a22002890a 4500 | ||
|---|---|---|---|
| 001 | PT41639 | ||
| 003 | AR-LpoUNG | ||
| 005 | 20210131230850.0 | ||
| 008 | 191001s2006||||xxu|||||||||||||||||eng d | ||
| 020 |
_a0761988580 _c$165 |
||
| 040 |
_aAR-LpoUNG _bspa _cAR-LpoUNG _eaacr |
||
| 041 | _aeng | ||
| 044 | _axxu | ||
| 082 | 0 | _aR304.2 274enc | |
| 100 | 1 | _aWarf, Barney, ed. | |
| 245 | 1 | 0 | _aEncyclopedia of human geography |
| 250 | _a1§ ed. | ||
| 260 |
_aCalifornia : _bSage, _c2006. |
||
| 300 |
_axxviii, 616 p. : _bil., mapas, gráfs., tbls. |
||
| 650 | 4 | _aENCICLOPEDIAS | |
| 650 | 4 | _aGEOGRAFIA | |
| 650 | 4 | _aGEOGRAFIA HUMANA | |
| 650 | 4 | _aMATERIAL DE REFERENCIA | |
| 651 | 4 | _aDOCUMENTOS TEORICOS O METODOLOGICOS | |
| 905 | _a41639 | ||
| 942 | _cLSALA | ||
| 999 |
_c6619 _d6619 |
||